Η Ελλάδα στο πλέγμα των σχέσεων ΕΟΚ-Τουρκίας (1974-1989) Η δικαιϊκή διάσταση.

Bibliographic Details
Corporate Author: ΑΝΤ.Ν.Σάκκουλα
Other Authors: Περράκη, Σ.
Format: Book
Language:Greek
Published: Αθήνα : ΑΝΤ.Ν.Σάκκουλα, 1990
Series:Πρωτεσίλαος και Λαοδάμεια : τραγωδία (Σακελλαρίου Χάρης) ; 9
Subjects:
LEADER 01262nam a2200277 a 4500
001 GR-MES3828
008 991111s1990 gr 000 0 gre d
040 |a GrPaTEI  |b gre  |c GR-PaULI 
245 0 2 |a Η Ελλάδα στο πλέγμα των σχέσεων ΕΟΚ-Τουρκίας (1974-1989) Η δικαιϊκή διάσταση. 
260 |a Αθήνα :  |b ΑΝΤ.Ν.Σάκκουλα,  |c 1990 
300 |a 149σελ. 
490 1 |a Τετράδια κοινοτικού δικαίου ;  |v 9 
650 4 |a Διεθνές Δίκαιο 
650 4 |a Δίκαιο 
650 4 |a Ελλάδα 
650 4 |a Ευρωπαϊκή Ενωση 
650 4 |a ΕΥΡΩΠΑΙΚΗ ΚΟΙΝΟΤΗΤΑ 
650 4 |a ΚΟΙΝΟΤΙΚΟ ΔΙΚΑΙΟ 
650 4 |a Τουρκία 
700 1 |a Περράκη, Σ. 
710 0 |a ΑΝΤ.Ν.Σάκκουλα 
830 0 |1 0015710  |1 2001   |a Πρωτεσίλαος και Λαοδάμεια : τραγωδία (Σακελλαρίου Χάρης) ;  |v 9 
942 |2 ddc 
952 |0 0  |1 0  |2 ddc  |4 0  |6 341_300000000000000_ΠΕΡ  |7 0  |9 268442  |a MSLG  |b MSLG  |c BSC  |d 2021-01-17  |e 24  |f 0  |g 0.00  |l 0  |o 341.3 ΠΕΡ  |p 2420000010657  |r 2021-01-17 00:00:00  |t 1  |w 2021-01-17  |y BK15  |x 19991111 0 1  |x GrPaTEI 
971 |a .b25748749  |b 16-04-20  |c 13-09-16 
999 |c 154680  |d 154680